Cricket: Fastest to 50 Test Wickets post-1950 - Statistics

General Stats
  • This quiz has been taken 17 times
    10 since last reset
  • The average score is 9 of 24
Answer Stats
Country Year Matches Answer % Correct
IND 2012 9 Ravichandran Ashwin
80%
PAK 2015 9 Yasir Shah
80%
AUS 1973 10 Dennis Lillee
60%
WI 1980 10 Joel Garner
60%
WI 1975 9 Sir Andy Roberts
60%
AUS 1981 8 Terry Alderman
60%
SA 2012 7 Vernon Philander
60%
WI 1951 8 Alf Valentine
40%
IND 1993 10 Anil Kumble
40%
ENG 1956 10 Fred Trueman
40%
NZ 2021 9 Kyle Jamieson
40%
ENG 1978 10 Lord Ian Botham
40%
PAK 2018 10 Mohammad Abbas
40%
PAK 2007 10 Mohammad Asif
40%
SA 1964 9 Peter Pollock
40%
WI 1960 10 Sir Wes Hall
40%
PAK 1990 10 Waqar Younis
40%
WI 1979 9 Colin Croft
20%
AUS 1999 9 Stuart MacGill
20%
ENG 1955 9 Frank Tyson
0%
ENG 1966 10 Ken Higgs
0%
AUS 1979 8 Rodney Hogg
0%
PAK 2005 10 Shabbir Ahmed
0%
AUS 2007 10 Stuart Clark
0%
No matching quizzes found
Score Distribution
Percent of People with Each Score
Percentile by Number Answered
Your Score History
You have not taken this quiz since the last reset